The noble scholar, jurist, historian


 His Excellency Dr. Abdul Wahhab bin Ibrahim Abu Sulaiman, may Allah have mercy on him.


 He was born in Umm Al-Qura in the year 1356 AH.

اللمع في الفقه المالكي / (Record no. 4481)

MARC details
000 -LEADER
fixed length control field 02273cam a2200325 i 4500
003 - CONTROL NUMBER IDENTIFIER
control field SA-RiAUC
005 - DATE AND TIME OF LATEST TRANSACTION
control field 20250105140140.0
008 - FIXED-LENGTH DATA ELEMENTS--GENERAL INFORMATION
fixed length control field 250105s2011____ua g b 000 0 ara c
020 ## - INTERNATIONAL STANDARD BOOK NUMBER
International Standard Book Number 9789773441878
024 0# - OTHER STANDARD IDENTIFIER
Standard number or code 33000000004525
024 0# - OTHER STANDARD IDENTIFIER
Standard number or code 33000000010099
040 ## - CATALOGING SOURCE
Original cataloging agency SA-DmIAFU
Language of cataloging ara
Transcribing agency SA-RiAUC
Description conventions rda
050 #4 - LIBRARY OF CONGRESS CALL NUMBER
Item number A35 2011
082 04 - DEWEY DECIMAL CLASSIFICATION NUMBER
Classification number 258.2
Assigning agency SA-RiAUC
090 ## - LOCALLY ASSIGNED LC-TYPE CALL NUMBER (OCLC); LOCAL CALL NUMBER (RLIN)
Classification number (OCLC) (R) ; Classification number, CALL (RLIN) (NR) 258.2
Local cutter number (OCLC) ; Book number/undivided call number, CALL (RLIN) ت ل م
100 1# - MAIN ENTRY--PERSONAL NAME
Personal name التلمساني، إبراهيم بن يحيى بن مهدي،
Dates associated with a name 600-666 هجري
Relator term مؤلف.
245 12 - TITLE STATEMENT
Title اللمع في الفقه المالكي /
Statement of responsibility, etc. تصنيف أبي إسحاق التلمساني المالكي ؛ تحقيق شريف المرسي.
250 ## - EDITION STATEMENT
Edition statement الطبعة الأولى.
264 #1 - PRODUCTION, PUBLICATION, DISTRIBUTION, MANUFACTURE, AND COPYRIGHT NOTICE
Place of production, publication, distribution, manufacture القاهرة :
Name of producer, publisher, distributor, manufacturer دار الآفاق العربية،
Date of production, publication, distribution, manufacture, or copyright notice 2011
300 ## - PHYSICAL DESCRIPTION
Extent 317 صفحة ؛
Dimensions 24 سم
336 ## - CONTENT TYPE
Content type term نص
Content type code txt
Source rdacontent
Materials specified كتاب
337 ## - MEDIA TYPE
Media type term بدون وسيط
Media type code n
Source rdamedia
338 ## - CARRIER TYPE
Carrier type term مجلد
Carrier type code nc
Source rdacarrier
504 ## - BIBLIOGRAPHY, ETC. NOTE
Bibliography, etc. note يشتمل على إرجاعات ببليوجرافية.
520 ## - SUMMARY, ETC.
Summary, etc. كتاب «اللمع في الفقه على مذهب الإمام مالك»، للشيخ العلامة الفقيه العدل «أبي إسحاق إبراهيم بن أبي زكريا يحيى بن محمد بن موسى التجيبي التلمساني (ت663هـ)»، هومن كتب المختصرات الفقهية التي جمعت أبواب الفقه على مذهب مالك بطريقة مختصرة ومركزة ؛ إذ عرض فيه مؤلفه زبدة ما في الأمهات الفقهية التي تقدمته. سار المؤلف في عرض مسائل كتابه على النهج الذي سلكه القاضي عبد الوهاب البغدادي في كتابه «التلقين»، وابن الصواف البصري في كتابه «الخصال الصغير» وغيرهما، فابتدأه بالمسائل المتعلقة بأركان الإسلام الخمسة وما يندرج تحت كل منها، ثم تناول بعد ذلك مسائل الجهاد، فالأيمان والنذور.
650 #7 - SUBJECT ADDED ENTRY--TOPICAL TERM
Topical term or geographic name entry element الفقه المالكي
Source of heading or term aucsh
700 1# - ADDED ENTRY--PERSONAL NAME
Personal name المرسي، شريف
Relator term محقق.
942 ## - ADDED ENTRY ELEMENTS (KOHA)
Source of classification or shelving scheme Dewey Decimal Classification
Koha item type Books
Suppress in OPAC No
949 ## - LOCAL PROCESSING INFORMATION (OCLC)
a SA-JeALM
d 250105
u mohamedma123
n 1
Holdings
Withdrawn status Lost status Source of classification or shelving scheme Damaged status Not for loan Home library Current library Date acquired Total checkouts Full call number Barcode Date last seen Price effective from Koha item type
    Dewey Decimal Classification     DR AbdElwahab Library DR AbdElwahab Library 01/05/2025   258.2 ت ل م 000007068 01/05/2025 01/05/2025 Books
    Dewey Decimal Classification     DR AbdElwahab Library DR AbdElwahab Library 09/11/2025   258.2 ت ل م 000018773 09/11/2025 09/11/2025 Books